Theological reflection in an African christian worldview (Record no. 16304)
[ view plain ]
| 000 -LEADER | |
|---|---|
| fixed length control field | 00498nam a22001457a 4500 |
| 008 - FIXED-LENGTH DATA ELEMENTS--GENERAL INFORMATION | |
| fixed length control field | 170216b xxu||||| |||| 00| 0 eng d |
| 020 ## - INTERNATIONAL STANDARD BOOK NUMBER | |
| International Standard Book Number | 9966260284 |
| 040 ## - CATALOGING SOURCE | |
| Original cataloging agency | KABU |
| Transcribing agency | KABU |
| 050 ## - LIBRARY OF CONGRESS CALL NUMBER | |
| Classification number | KTC BX1912 .K35 2014 V.1 C.2 |
| 100 ## - MAIN ENTRY--PERSONAL NAME | |
| Personal name | Kaleli, Jones |
| 245 ## - TITLE STATEMENT | |
| Title | Theological reflection in an African christian worldview |
| Statement of responsibility, etc. | by Jones Kaleli |
| 260 ## - PUBLICATION, DISTRIBUTION, ETC. (IMPRINT) | |
| Place of publication, distribution, etc. | kenya |
| Name of publisher, distributor, etc. | Utafiti foundation |
| Date of publication, distribution, etc. | 2014 |
| 300 ## - PHYSICAL DESCRIPTION | |
| Extent | xxii, 207 p. |
| 942 ## - ADDED ENTRY ELEMENTS (KOHA) | |
| Source of classification or shelving scheme | Library of Congress Classification |
| Koha item type | General Collection |
| Classification part | KTC BX1912 .K35 2014 V.1 C.2 |
| Withdrawn status | Lost status | Source of classification or shelving scheme | Not for loan | Home library | Current library | Shelving location | Date acquired | Cost, normal purchase price | Total Checkouts | Full call number | Barcode | Date last seen | Copy number | Price effective from | Koha item type |
|---|---|---|---|---|---|---|---|---|---|---|---|---|---|---|---|
| Library of Congress Classification | Kabarak, Nakuru City Campus | Kabarak, Nakuru City Campus | General Stacks | 16/02/2017 | 0.00 | KTC BX1912 .K35 2014 V.1 C.2 | 027281 | 16/02/2017 | C.2 | 16/02/2017 | General Collection | ||||
| Library of Congress Classification | Kabarak, Nakuru City Campus | Kabarak, Nakuru City Campus | General Stacks | 16/02/2017 | 0.00 | KTC BX1912 .K35 2014 V.1 C.1 | 027279 | 16/02/2017 | C.1 | 16/02/2017 | General Collection |